| 000 | 00675nam a2200241 4500 | ||
|---|---|---|---|
| 003 | OSt | ||
| 005 | 20260601193849.0 | ||
| 008 | 260504b1997 nyua|||| |||| 00| 0 eng d | ||
| 020 | _a0847820319 | ||
| 040 |
_aICI _bspa _cICI |
||
| 050 |
_aNK2117.K5 _bL68 |
||
| 100 | 1 |
_aLove, Gilly, _eautor _931882 |
|
| 245 | 1 |
_aMaking the most of Kitchens / _cGilly Love |
|
| 264 |
_aLondon : _bConrad Octopus, _c1997 |
||
| 300 |
_a80 páginas : _bIlustraciones |
||
| 336 |
_atexto _2rdacontent |
||
| 337 |
_asin medio _2rdamedia |
||
| 338 |
_avolumen _2rdacarrier |
||
| 650 |
_aCocinas _931883 |
||
| 650 |
_aCocinas _xDiseño |
||
| 650 | _aDecoración de interiores | ||
| 942 |
_2lcc _cB _n1 |
||
| 999 |
_c21757 _d21757 |
||